Wichtige Englischvokabeln - Statistiken

Allgemein
  • Dieses Quiz wurde 392 mal gespielt
  • Das Durchschnittsergebnis liegt bei 32 aus 33
Antwortstatistiken
Hint Antwort % Korrekt
Wie spät ist es?
What time is it?
99%
Wo sind die Toiletten?
Where is the restroom?
98%
Folgen Sie mir follow me
98%
Ich bin hier für X Tage I am here for X days
98%
links left
98%
Reisepass passport
98%
rechts right
98%
Zug train
98%
Flughafen airport
97%
um die Ecke around the corner
97%
zwischen between
97%
Ich suche ... Straße
I am looking for ... street
97%
Haben Sie eine Karte? Do you have a map?
97%
weit far
97%
hier here
97%
Ich übernachte bei I am staying at
97%
Ich besuche Familie Smith I am visiting the Smith family
97%
Ich möchte gerne I would like
97%
Sicherheit security
97%
hoch up
97%
Flugzeug airplane
96%
Schiff ship
96%
zurück back
95%
runter down
95%
gegenüber von across from
94%
Ort place
94%
geradeaus straight on
94%
Hafen harbor / port
93%
Wie komme ich nach ... ? How do I get to ?
93%
vorbeigehen go past
92%
in der Nähe von near
92%
dort there
92%
Wo ist...? Where is ?
92%
Keine übereinstimmenden Quizze gefunden
Verteilung der Resultate
Anzahl Personen mit jedem Resultat
Perzentil nach korrekt beantworteten Fragen
Ihre Resultats-Entwicklung
Sie haben dieses Quiz noch nicht gespielt